01009nam a22002657a 45000010005000000030006000050050017000110080041000280200018000690400029000870500013001160820015001291000032001442450111001762500028002872600032003153000044003475050007003915200205003985210019006035210018006226500035006406500035006757000033007105205FISKH20250820100713.0241119b cb ||||| |||| 00| 0 eng d a9780448447216 aFISKHbengcFISKHdFISKH aGV865.R6 a796.357092 aPrince, Jone Aprild(1975-) aJackie Robinson he led the way /cby April Jones Prince illustrated by Robert Casilla and with photographs aFirst published in 2008 aNew York :bPenguin,c2008. a48 page :bcolor illustrations ;c23 cm aN  aTraces the life of the first black Major League baseball player of the modern era, detailing his childhood, his career as an MVP-award winning baseball player, and a hero of the civil rights movement.8 a530 bLexile 8 aN bRaz-Plus  2BiographyGuidedaBlack history 2Chapter book aReading level K aCasilla, RobertdIllustrator